[Event "4NCL/Div1/BAR2 vs. WGR2"]
[Site "Telford ENG"]
[Date "2004.03.20"]
[Round "5.4"]
[White "Rechel, Bernd"]
[Black "Cox, John J"]
[Result "1-0"]
[WhiteElo "2420"]
[BlackElo "2310"]
[PlyCount "73"]
[EventDate "2004.03.20"]

1. e4 e5 2. Nf3 Nc6 3. Bb5 g6 4. c3 a6 5. Ba4 d6 6. d4 Bd7 7. Bg5 f6 8. Be3 Nh6
9. d5 Ne7 10. c4 Nf7 11. Nc3 Bh6 12. Bxh6 Nxh6 13. h4 Kf8 14. Qd2 Kg7 15. Bxd7
Qxd7 16. O-O-O b5 17. cxb5 axb5 18. Kb1 Nf7 19. h5 Rhb8 20. Ne2 Ra4 21. Qd3 c6
22. dxc6 Qxc6 23. Nc3 Ra7 24. Nd5 Nxd5 25. Qxd5 Qxd5 26. Rxd5 Rc7 27. hxg6 hxg6
28. Rc1 Rxc1+ 29. Kxc1 f5 30. Nd2 Kf6 31. Rd3 Ke6 32. Rg3 g5 33. exf5+ Kxf5 34.
Rf3+ Ke6 35. Ne4 Rc8+ 36. Kd2 d5 37. Rf6+ 1-0

[Event "4NCL/Div1/BAR2 vs. WGR2"]
[Site "Telford ENG"]
[Date "2004.03.20"]
[Round "5.5"]
[White "Pritchett, Craig W"]
[Black "Dembo, Yelena (IM)"]
[Result "1/2-1/2"]
[WhiteElo "2296"]
[BlackElo "2424"]
[PlyCount "125"]
[EventDate "2004.03.20"]

1. Nf3 Nf6 2. c4 c6 3. d4 d5 4. e3 a6 5. Nbd2 Bf5 6. Nh4 Be6 7. Qc2 dxc4 8.
Bxc4 Bxc4 9. Nxc4 e6 10. O-O Be7 11. Nf3 O-O 12. Rd1 b5 13. Nce5 Qb6 14. e4 c5
15. Be3 c4 16. b3 cxb3 17. axb3 Qb7 18. d5 exd5 19. exd5 Bd6 20. Nc6 Nbd7 21.
Qf5 Nc5 22. Bxc5 Bxc5 23. b4 Bd6 24. g3 Rfe8 25. Re1 Rxe1+ 26. Rxe1 Qd7 27.
Nfd4 Re8 28. Ra1 Qb7 29. Qf3 Be5 30. Nxe5 Rxe5 31. d6 Qxf3 32. Nxf3 Rd5 33.
Rxa6 Ne8 34. Ra8 Kf8 35. Rb8 f6 36. Kg2 Rxd6 37. Rxb5 Ke7 38. h4 Nc7 39. Rb7
Kd7 40. Rb8 Kc6 41. Rh8 h6 42. h5 Kb5 43. Rb8+ Kc4 44. Nh4 Rd5 45. Rb7 Ne6 46.
Re7 Nd4 47. Rxg7 Rxh5 48. Rg4 Kd5 49. Ng6 Ne6 50. Ne7+ Kd6 51. Ng8 f5 52. Rg6
Rg5 53. Rxg5 hxg5 54. Nh6 Ke5 55. b5 g4 56. b6 Nc5 57. f3 gxf3+ 58. Kxf3 Kf6
59. Kf4 Ne6+ 60. Ke3 Nd8 61. Kd4 Kg6 62. Ng8 Kf7 63. Nh6+ 1/2-1/2

[Event "4NCL/Div1/BAR2 vs. WGR2"]
[Site "Telford ENG"]
[Date "2004.03.20"]
[Round "5.6"]
[White "Levitt, Jonathan P"]
[Black "Twyble, Michael S"]
[Result "1-0"]
[WhiteElo "2425"]
[BlackElo "2245"]
[PlyCount "92"]
[EventDate "2004.03.20"]

1. d4 d5 2. c4 c6 3. cxd5 cxd5 4. Bf4 Nf6 5. Nc3 e6 6. e3 Be7 7. Bd3 a6 8. Nf3
b5 9. O-O Nbd7 10. Ne5 Bb7 11. Qf3 Nxe5 12. dxe5 Nd7 13. Rad1 Qb8 14. Qh5 g6
15. Qh6 Bf8 16. Qh3 Bg7 17. e4 d4 18. Ne2 O-O 19. Nxd4 Bxe5 20. Be3 Bg7 21. Bb1
Nf6 22. f3 Rd8 23. Qh4 Qe5 24. Qf2 Rac8 25. Nb3 Nd7 26. Rd2 Qb8 27. Rfd1 Ne5
28. Na5 Rxd2 29. Qxd2 Nc4 30. Nxc4 bxc4 31. Bf4 Be5 32. Bxe5 Qxe5 33. Qc3 Qc5+
34. Kf1 Qh5 35. h3 Bc6 36. Bc2 Qg5 37. Kf2 Qc5+ 38. Qd4 Qb5 39. Qc3 Rb8 40. b3
cxb3 41. Bxb3 Qb6+ 42. Qd4 Kf8 43. Qxb6 Rxb6 44. Rd6 Ke7 45. e5 a5 46. Kg3 Ra6
1-0

[Event "4NCL/Div1/BAR2 vs. WGR2"]
[Site "Telford ENG"]
[Date "2004.03.20"]
[Round "5.7"]
[White "Coleman, David"]
[Black "McDonald, Neil"]
[Result "1/2-1/2"]
[WhiteElo "2240"]
[BlackElo "2380"]
[PlyCount "51"]
[EventDate "2004.03.20"]

1. e4 e6 2. d4 d5 3. Nc3 Bb4 4. e5 Ne7 5. a3 Bxc3+ 6. bxc3 c5 7. Qg4 O-O 8. Bd3
Qa5 9. Bd2 Nbc6 10. Nf3 f5 11. exf6 Rxf6 12. c4 Qd8 13. Bg5 Rf7 14. Qh4 h6 15.
Bxe7 Qa5+ 16. Kf1 Nxe7 17. Ne5 Rf6 18. Ng4 Rf7 19. Ne5 Nf5 20. Qh5 Rf8 21. g4
Ne3+ 22. Ke2 Ng2 23. Ng6 Bd7 24. Ne7+ Kh8 25. Ng6+ Kg8 26. Ne7+ 1/2-1/2

[Event "4NCL/Div1/BAR2 vs. WGR2"]
[Site "Telford ENG"]
[Date "2004.03.20"]
[Round "5.8"]
[White "Tan, Desmond"]
[Black "Kieran, Rosalind"]
[Result "1-0"]
[WhiteElo "2332"]
[BlackElo "2084"]
[PlyCount "49"]
[EventDate "2004.03.20"]

1. e4 c5 2. Nc3 Nc6 3. Bb5 Nd4 4. Bc4 g6 5. Nf3 Bg7 6. Nxd4 cxd4 7. Qf3 e6 8.
Nb5 d6 9. Qa3 Be5 10. O-O g5 11. c3 dxc3 12. d4 a6 13. dxe5 axb5 14. Qxa8 bxc4
15. bxc3 dxe5 16. Bxg5 f6 17. Bh4 Kf7 18. f4 exf4 19. Rxf4 e5 20. Rf2 Qc7 21.
Raf1 Kg7 22. Qa3 Qd8 23. Qc1 h5 24. Bxf6+ Nxf6 25. Qg5+ 1-0

[Event "4NCL/Div1/WGR1 vs. RIC"]
[Site "Telford ENG"]
[Date "2004.03.21"]
[Round "6.1"]
[White "McShane, Luke"]
[Black "Wall, Gavin"]
[Result "0-1"]
[WhiteElo "2651"]
[BlackElo "2413"]
[PlyCount "78"]
[EventDate "2004.03.21"]

1. e4 e5 2. Nf3 d6 3. d4 exd4 4. Nxd4 Nf6 5. Nc3 Be7 6. Qf3 O-O 7. Nf5 Bxf5 8.
Qxf5 Nc6 9. Be3 Ne5 10. Be2 b5 11. Nxb5 g6 12. Qf4 Rb8 13. Bc1 Nh5 14. Qe3 f5
15. exf5 Rxf5 16. Nd4 Bg5 17. Qc3 Bxc1 18. Rxc1 Qg5 19. Rd1 Qxg2 20. Nxf5 Qxh1+
21. Kd2 Qd5+ 22. Kc1 Qxa2 23. Nh6+ Kf8 24. Bxh5 gxh5 25. f4 Rb5 26. b4 Qc4 27.
Qd2 Ng6 28. f5 Nf4 29. c3 Rd5 30. Qc2 Rxd1+ 31. Qxd1 Qxc3+ 32. Kb1 Qxb4+ 33.
Ka2 Qc4+ 34. Ka1 Kg7 35. Ng4 hxg4 36. Qxg4+ Kf7 37. Qh4 Qc1+ 38. Ka2 Qc2+ 39.
Ka3 Qxf5 0-1

[Event "4NCL/Div1/WGR1 vs. RIC"]
[Site "Telford ENG"]
[Date "2004.03.21"]
[Round "6.2"]
[White "Bates, Richard A"]
[Black "Agdestein, Simen"]
[Result "0-1"]
[WhiteElo "2376"]
[BlackElo "2585"]
[PlyCount "64"]
[EventDate "2004.03.21"]

1. d4 Nf6 2. Nf3 g6 3. b4 Bg7 4. Bb2 O-O 5. e3 b6 6. b5 c5 7. dxc5 bxc5 8. Be2
Bb7 9. O-O d6 10. c4 e5 11. Nfd2 Nbd7 12. Nb3 Qc7 13. a4 e4 14. a5 Rad8 15. Nc3
Ne5 16. b6 axb6 17. Nb5 Qe7 18. axb6 d5 19. Qc2 dxc4 20. Bxe5 cxb3 21. Qb2 Qe6
22. Ra7 Rd7 23. Rd1 Rfd8 24. Rd6 Rxd6 25. Nxd6 Rxd6 26. Rxb7 Rxb6 27. Bc4 Qxc4
28. Rxb6 Nd7 29. Bxg7 Nxb6 30. Bh6 f6 31. h3 Kf7 32. Qa3 Na4 0-1

[Event "4NCL/Div1/WGR1 vs. RIC"]
[Site "Telford ENG"]
[Date "2004.03.21"]
[Round "6.4"]
[White "Webb, Laurence E"]
[Black "Baburin, Alexander"]
[Result "1/2-1/2"]
[WhiteElo "2344"]
[BlackElo "2541"]
[PlyCount "68"]
[EventDate "2004.03.21"]

1. e4 Nf6 2. e5 Nd5 3. d4 d6 4. Nf3 dxe5 5. Nxe5 c6 6. Bc4 Nd7 7. Nxd7 Qxd7 8.
O-O g6 9. c3 Bg7 10. Nd2 O-O 11. Nf3 b5 12. Bb3 Qd6 13. Re1 Bg4 14. h3 Bxf3 15.
Qxf3 e6 16. Bg5 h6 17. Bd2 a5 18. a3 Rfd8 19. Rad1 b4 20. axb4 axb4 21. Ra1
bxc3 22. bxc3 Ra3 23. Reb1 Rxa1 24. Rxa1 Qb8 25. Rb1 Qa7 26. Bc2 Rb8 27. Qd1
Rxb1 28. Qxb1 c5 29. c4 Nb6 30. dxc5 Nxc4 31. Bb4 Bd4 32. Bxg6 Bxc5 33. Bxf7+
Kxf7 34. Qh7+ Ke8 1/2-1/2

[Event "4NCL/Div1/WGR1 vs. RIC"]
[Site "Telford ENG"]
[Date "2004.03.21"]
[Round "6.5"]
[White "Turner, Matthew J"]
[Black "Hinks-Edwards, Thomas"]
[Result "0-1"]
[WhiteElo "2506"]
[BlackElo "2357"]
[PlyCount "84"]
[EventDate "2004.03.21"]

1. d4 Nf6 2. c4 e6 3. Nc3 Bb4 4. Nf3 b6 5. Bg5 Bb7 6. e3 h6 7. Bh4 g5 8. Bg3
Ne4 9. Nd2 Bxc3 10. bxc3 Nxg3 11. fxg3 d6 12. e4 Nd7 13. Bd3 Qf6 14. Qa4 c5 15.
e5 dxe5 16. Ne4 Bxe4 17. Bxe4 Rd8 18. d5 exd5 19. cxd5 O-O 20. c4 Qd6 21. O-O
Nf6 22. Qc2 Qe7 23. a4 Ne8 24. g4 Nd6 25. Ra3 Rb8 26. Rh3 Kg7 27. Rh5 a6 28.
Qe2 Rh8 29. h4 f6 30. Bb1 e4 31. Qb2 Nxc4 32. Qc3 Ne5 33. Bxe4 Nxg4 34. Qf3
Rbe8 35. Re1 Ne5 36. Qg3 Qf7 37. hxg5 hxg5 38. Rxh8 Rxh8 39. Rf1 Qe7 40. Rf5
Qd6 41. Qb3 Rh4 42. Qe3 Nc4 0-1

[Event "4NCL/Div1/WGR1 vs. RIC"]
[Site "Telford ENG"]
[Date "2004.03.21"]
[Round "6.6"]
[White "Nixon, Thomas C M"]
[Black "Ward, Christopher"]
[Result "1/2-1/2"]
[WhiteElo "2209"]
[BlackElo "2522"]
[PlyCount "23"]
[EventDate "2004.03.21"]

1. d4 e6 2. c4 b6 3. a3 Bb7 4. Nc3 f5 5. d5 Nf6 6. g3 g6 7. Bg2 Bg7 8. Nf3 O-O
9. O-O Na6 10. Bf4 Nc5 11. Nb5 d6 12. Ng5 1/2-1/2

[Event "4NCL/Div1/WGR1 vs. RIC"]
[Site "Telford ENG"]
[Date "2004.03.21"]
[Round "6.7"]
[White "Emms, John M"]
[Black "Franklin, Michael J"]
[Result "1-0"]
[WhiteElo "2501"]
[BlackElo "2224"]
[PlyCount "51"]
[EventDate "2004.03.21"]

1. e4 c5 2. Nf3 a6 3. Nc3 b5 4. d4 cxd4 5. Nxd4 Bb7 6. Bd3 e6 7. O-O Qc7 8. Re1
Be7 9. e5 b4 10. Na4 Nc6 11. Nxc6 Bxc6 12. b3 h5 13. Be4 h4 14. Qf3 Rc8 15. Bd2
Nh6 16. Rac1 Nf5 17. c3 bxc3 18. Rxc3 O-O 19. g4 hxg3 20. hxg3 Bxe4 21. Qxe4
Qa7 22. Kg2 d5 23. exd6 Nxd6 24. Qf3 Bf6 25. Rd3 Rfd8 26. Ba5 1-0

[Event "4NCL/Div1/WGR1 vs. RIC"]
[Site "Telford ENG"]
[Date "2004.03.21"]
[Round "6.8"]
[White "Wilson, Alexandra"]
[Black "Hunt, Harriet"]
[Result "0-1"]
[WhiteElo "2014"]
[BlackElo "2392"]
[PlyCount "80"]
[EventDate "2004.03.21"]

1. e4 c6 2. d3 d5 3. Nd2 e5 4. Ngf3 Bd6 5. g3 Nf6 6. Bg2 O-O 7. O-O Nbd7 8. Re1
Re8 9. b3 a5 10. a4 Qc7 11. Nh4 Nf8 12. Nf1 dxe4 13. dxe4 Bb4 14. Bd2 Rd8 15.
Qe2 Bxd2 16. Nxd2 Ne6 17. Nhf3 Ne8 18. Nc4 f6 19. Red1 Rxd1+ 20. Rxd1 b6 21.
Qd2 Ba6 22. Qc3 Rd8 23. Rxd8 Qxd8 24. Bf1 Nc5 25. Nfd2 Bxc4 26. Bxc4+ Kf8 27.
Bd3 Nd6 28. f3 g5 29. Nc4 Nxc4 30. Qxc4 h5 31. Kf2 Kg7 32. Ke3 Qd7 33. c3 h4
34. g4 Ne6 35. Qa6 Nc5 36. Qc4 Qd6 37. h3 Ne6 38. b4 Nf4 39. bxa5 bxa5 40. Bf1
Qd1 0-1

[Event "4NCL/Div1/SLO1 vs. BAR2"]
[Site "Telford ENG"]
[Date "2004.03.21"]
[Round "6.2"]
[White "Pritchett, Craig W"]
[Black "Devereaux, Maxim"]
[Result "0-1"]
[WhiteElo "2296"]
[BlackElo "2331"]
[PlyCount "82"]
[EventDate "2004.03.21"]

1. c4 Nf6 2. Nf3 c6 3. d4 d5 4. e3 a6 5. Nbd2 Bg4 6. h3 Bxf3 7. Nxf3 Nbd7 8.
Bd3 g6 9. O-O Bg7 10. Qe2 O-O 11. Rd1 Qc7 12. Bd2 Rfe8 13. Rac1 Rad8 14. cxd5
Nxd5 15. Bc4 Qb8 16. e4 Nf4 17. Bxf7+ Kxf7 18. Ng5+ Kg8 19. Qc4+ e6 20. Bxf4
Qxf4 21. Nxe6 Rxe6 22. Qxe6+ Kh8 23. Rc3 {(=)} 23... Nf8 24. Qe7 Rd7 25. Qe8
Qd6 26. Rf3 Rd8 27. Qf7 Ne6 28. Qxb7 Nxd4 29. Rfd3 c5 30. b3 Rf8 31. g3 Nf3+
32. Kh1 Bd4 33. Kg2 Nh4+ 34. Kh1 Rxf2 35. Qc8+ Kg7 36. Qg4 Nf5 37. b4 Qe6 38.
bxc5 Qxa2 39. R3d2 Rxd2 40. Rxd2 Qxd2 41. exf5 Qe1+ 0-1

[Event "4NCL/Div1/SLO1 vs. BAR2"]
[Site "Telford ENG"]
[Date "2004.03.21"]
[Round "6.3"]
[White "Dearing, Eddie"]
[Black "Cox, John J"]
[Result "1/2-1/2"]
[WhiteElo "2376"]
[BlackElo "2310"]
[PlyCount "57"]
[EventDate "2004.03.21"]

1. c4 e5 2. g3 d6 3. Nc3 f5 4. d4 Be7 5. dxe5 dxe5 6. Qxd8+ Bxd8 7. e4 Nf6 8.
Bd3 Na6 9. exf5 O-O 10. f3 Nc5 11. Bc2 e4 12. Be3 Be7 13. fxe4 g6 14. fxg6 hxg6
15. h3 b6 16. Nge2 Bb7 17. Nd5 Bd6 18. Bxc5 bxc5 19. O-O-O Rae8 20. Nec3 Kg7
21. g4 a6 22. Rhf1 Be5 23. Ba4 Rd8 24. Bc2 Nd7 25. Rxf8 Nxf8 26. Ne2 Ne6 27.
Rf1 Rh8 28. Ng1 Ng5 29. Nf3 1/2-1/2

[Event "4NCL/Div1/SLO1 vs. BAR2"]
[Site "Telford ENG"]
[Date "2004.03.21"]
[Round "6.4"]
[White "Twyble, Michael S"]
[Black "McNab, Colin A"]
[Result "1/2-1/2"]
[WhiteElo "2245"]
[BlackElo "2388"]
[PlyCount "39"]
[EventDate "2004.03.21"]

1. d4 d6 2. Nf3 g6 3. c4 Nd7 4. Nc3 e5 5. e4 Bg7 6. Be2 Ngf6 7. d5 Nc5 8. Nd2
a5 9. O-O O-O 10. Rb1 Bh6 11. Qc2 Bg4 12. Bxg4 Nxg4 13. b3 f5 14. h3 Nf6 15.
exf5 gxf5 16. Qxf5 Kh8 17. Qc2 Rg8 18. Nde4 Ncxe4 19. Nxe4 Bxc1 20. Rbxc1
1/2-1/2

[Event "4NCL/Div1/SLO1 vs. BAR2"]
[Site "Telford ENG"]
[Date "2004.03.21"]
[Round "6.6"]
[White "Taylor, Peter"]
[Black "Smith, Andrew P"]
[Result "0-1"]
[WhiteElo "2289"]
[BlackElo "2198"]
[PlyCount "80"]
[EventDate "2004.03.21"]

1. Nf3 d6 2. d4 Nd7 3. c4 e5 4. Nc3 c6 5. e4 h6 6. Be2 Ne7 7. Be3 Ng6 8. Qd2
Be7 9. O-O O-O 10. Rfd1 Nf6 11. h3 Nh7 12. Qc1 Bd7 13. dxe5 dxe5 14. c5 Qc8 15.
Bf1 Be6 16. Qc2 Ng5 17. Nxg5 hxg5 18. Ne2 Nf4 19. Ng3 g6 20. Bc4 g4 21. Bxe6
Qxe6 22. hxg4 Qxg4 23. Rd2 Kg7 24. Qc3 f6 25. Qb3 Rab8 26. Qd1 Qh4 27. Rd7 Rf7
28. Kf1 Rh8 29. Bxf4 exf4 30. Ne2 f3 31. gxf3 Qh3+ 32. Ke1 Qh1+ 33. Kd2 Qxf3
34. Qb3 Qxe4 35. Qxb7 Rh5 36. Rf1 Rxc5 37. Nc3 Qf4+ 38. Kc2 Qf5+ 39. Kc1 Rxc3+
40. bxc3 Ba3+ 0-1

[Event "4NCL/Div1/SLO1 vs. BAR2"]
[Site "Telford ENG"]
[Date "2004.03.21"]
[Round "6.7"]
[White "Johnson, Nigel A"]
[Black "Coleman, David"]
[Result "0-1"]
[WhiteElo "1664"]
[BlackElo "2240"]
[PlyCount "58"]
[EventDate "2004.03.21"]

1. f4 d5 2. Nf3 Bg4 3. e3 Nc6 4. Bb5 Qd6 5. h3 Bxf3 6. Qxf3 O-O-O 7. Nc3 Nf6 8.
Bxc6 Qxc6 9. d4 e6 10. Bd2 Bb4 11. O-O-O Bxc3 12. Bxc3 Qc4 13. Kb1 Ne4 14. Rd3
Rd6 15. Rc1 Ra6 16. a3 g6 17. g4 f5 18. Bb4 Rb6 19. b3 Rxb4 20. axb4 Qxd3 21.
cxd3 Nd2+ 22. Kc2 Nxf3 23. Rf1 Nh4 24. g5 h6 25. Rg1 Kd7 26. Kd1 hxg5 27. Rxg5
Rh5 28. Rg3 Ke7 29. Ke2 Kf6 0-1

[Event "4NCL/Div1/SLO1 vs. BAR2"]
[Site "Telford ENG"]
[Date "2004.03.21"]
[Round "6.8"]
[White "Kieran, Rosalind"]
[Black "Richards, Susan"]
[Result "1-0"]
[WhiteElo "2084"]
[BlackElo "726"]
[PlyCount "53"]
[EventDate "2004.03.21"]

1. e4 g6 2. d4 Bg7 3. Nc3 d6 4. Be3 Nf6 5. f3 O-O 6. Bc4 a6 7. a4 Nbd7 8. Nge2
b6 9. Qd2 Bb7 10. O-O c5 11. Rfd1 Qc7 12. dxc5 dxc5 13. Nf4 Ne5 14. Bd5 Rad8
15. Qe2 e6 16. Bxb7 Qxb7 17. Nd3 Nc6 18. Qd2 Nd4 19. a5 b5 20. Nxc5 Qc8 21.
Bxd4 Rxd4 22. Qxd4 Nh5 23. e5 f6 24. Qd6 Re8 25. N3e4 Bf8 26. Qb6 f5 27. Nd6
1-0

[Event "4NCL/Div1/GUI1 vs. 3CS1"]
[Site "Telford ENG"]
[Date "2004.03.21"]
[Round "6.1"]
[White "Rowson, Jonathan"]
[Black "Davies, Nigel R"]
[Result "0-1"]
[WhiteElo "2547"]
[BlackElo "2502"]
[PlyCount "116"]
[EventDate "2004.03.21"]

1. e4 e5 2. Nf3 Nc6 3. Bb5 a6 4. Ba4 Nf6 5. O-O Be7 6. Re1 b5 7. Bb3 d6 8. c3
O-O 9. h3 Na5 10. Bc2 c5 11. d4 Nd7 12. Nbd2 exd4 13. cxd4 Nc6 14. d5 Nce5 15.
a4 Rb8 16. axb5 axb5 17. Nh2 Ng6 18. g3 Nf6 19. h4 h5 20. f4 Ng4 21. Ndf3 Qb6
22. Kg2 c4 23. Qe2 b4 24. Nd2 c3 25. bxc3 Nxh2 26. Kxh2 Bg4 27. Qe3 Qd8 28.
cxb4 Bxh4 29. gxh4 Qxh4+ 30. Kg1 Rfc8 31. Ra2 Rc3 32. Bd3 Rxd3 33. Qxd3 Qxe1+
34. Qf1 Qg3+ 35. Qg2 Qxg2+ 36. Kxg2 Nxf4+ 37. Kh2 Rxb4 38. Rc2 Ra4 39. Rc6 Nd3
40. Kg3 Nxc1 41. Rxc1 Rd4 42. Nc4 Rxe4 43. Nxd6 Rd4 44. Re1 Rd3+ 45. Kh2 f5 46.
Re8+ Kh7 47. Nf7 Rxd5 48. Kg3 f4+ 49. Kh4 f3 50. Ng5+ Kg6 51. Ne4 Bd7 52. Re7
Bf5 53. Nf2 Kf6 54. Ra7 g5+ 55. Kg3 g4 56. Kh4 Rd2 57. Ra6+ Ke5 58. Ra5+ Kf4
0-1

[Event "4NCL/Div1/GUI1 vs. 3CS1"]
[Site "Telford ENG"]
[Date "2004.03.21"]
[Round "6.3"]
[White "Gormally, Daniel W"]
[Black "Ashton, Adam G"]
[Result "1-0"]
[WhiteElo "2471"]
[BlackElo "2235"]
[PlyCount "69"]
[EventDate "2004.03.21"]

1. d4 Nf6 2. Nf3 g6 3. c4 Bg7 4. Nc3 O-O 5. e4 d6 6. Be2 c5 7. O-O Nc6 8. d5
Na5 9. h3 e5 10. a3 b6 11. b4 Nb7 12. Ne1 Ne8 13. Nd3 f5 14. Bd2 Nf6 15. Bf3
Rf7 16. Kh2 Bd7 17. Qb3 Qe7 18. Rae1 Raf8 19. exf5 gxf5 20. g3 Qd8 21. Bg2 Kh8
22. Nb5 Bxb5 23. cxb5 Nd7 24. Qa4 Qb8 25. Qd1 Rg8 26. f4 e4 27. Nf2 Bd4 28. g4
Rfg7 29. Be3 Bxe3 30. Rxe3 Nf6 31. g5 Nd7 32. Nh1 Rf8 33. Ng3 Qe8 34. h4 Qf7
35. Bh3 1-0

[Event "4NCL/Div1/GUI1 vs. 3CS1"]
[Site "Telford ENG"]
[Date "2004.03.21"]
[Round "6.4"]
[White "Gordon, Stephen J"]
[Black "Conquest, Stuart C"]
[Result "1-0"]
[WhiteElo "2284"]
[BlackElo "2543"]
[PlyCount "91"]
[EventDate "2004.03.21"]

1. d4 f5 2. Nc3 d5 3. Bf4 Nf6 4. e3 g6 5. Nb5 Na6 6. c4 Bg7 7. Nf3 Be6 8. Nc3
c6 9. cxd5 Nxd5 10. Bxa6 bxa6 11. Be5 Bf6 12. Bxf6 exf6 13. Nd2 O-O 14. O-O Rb8
15. Na4 Re8 16. Nb3 f4 17. e4 Nc7 18. Nac5 Bxb3 19. axb3 Rb6 20. Qd3 Qd6 21.
Ra4 Kg7 22. Rc1 Rd8 23. Qc4 Re8 24. f3 Rd8 {(=)} 25. Rd1 Rdb8 26. Rd3 Kh6 27.
Kf1 Qe7 28. Nxa6 Nxa6 29. Rxa6 Rxa6 30. Qxa6 Rb6 31. Qa3 Qb4 32. Qxb4 Rxb4 33.
Ke2 Kg7 34. Kd2 Kf7 35. Kc3 Rb5 36. b4 Ke6 37. Kc4 Rh5 38. h3 Rg5 39. Rd2 h5
40. b3 Kd6 41. Ra2 Ke6 42. b5 Rxb5 43. d5+ Kd6 44. b4 Rb6 45. Rxa7 f5 46. Rg7
1-0

[Event "4NCL/Div1/GUI1 vs. 3CS1"]
[Site "Telford ENG"]
[Date "2004.03.21"]
[Round "6.5"]
[White "King, Daniel J"]
[Black "Bentley, John L"]
[Result "1-0"]
[WhiteElo "2497"]
[BlackElo "2218"]
[PlyCount "57"]
[EventDate "2004.03.21"]

1. e4 c5 2. Nf3 g6 3. d4 cxd4 4. Nxd4 Bg7 5. c4 Nc6 6. Nc2 Nf6 7. Nc3 O-O 8.
Be2 b6 9. O-O Bb7 10. Bg5 d6 11. Qd2 Rc8 12. b3 Ne5 13. f3 a6 14. a4 Qc7 15.
Rad1 Rfd8 16. Kh1 Ned7 17. Bh6 Nc5 18. Bxg7 Kxg7 19. b4 Ncd7 20. Ne3 Nf8 21. f4
Kg8 22. Bd3 Bc6 23. Ned5 Bxd5 24. exd5 Qd7 25. Rde1 e6 26. f5 exf5 27. Qg5 Ne4
28. Bxe4 fxe4 29. Nxe4 1-0

[Event "4NCL/Div1/GUI1 vs. 3CS1"]
[Site "Telford ENG"]
[Date "2004.03.21"]
[Round "6.6"]
[White "Taylor, Robert M"]
[Black "Flear, Glenn C"]
[Result "0-1"]
[WhiteElo "2175"]
[BlackElo "2489"]
[PlyCount "92"]
[EventDate "2004.03.21"]

1. e4 e5 2. Nf3 Nc6 3. Bb5 a6 4. Ba4 Nf6 5. d3 d6 6. c3 g6 7. Nbd2 Bg7 8. Nf1
O-O 9. Ng3 Re8 10. Bg5 b5 11. Bc2 h6 12. Bxf6 Qxf6 13. h4 h5 14. Qd2 Nd8 15. a4
Bb7 16. axb5 axb5 17. Rxa8 Bxa8 18. Qg5 Ne6 19. Qxf6 Bxf6 20. O-O Bb7 21. Ra1
Ra8 22. Rxa8+ Bxa8 23. Nf1 d5 24. g3 c5 25. N1d2 Kf8 26. Kf1 Ke7 27. Ke2 Bg7
28. Bb3 dxe4 29. Nxe4 c4 30. dxc4 Bxe4 31. cxb5 Nc5 32. Bc4 Bxf3+ 33. Kxf3 Na4
34. Bb3 Nb6 35. c4 Nd7 36. Ba2 f5 37. Ke3 e4 38. b3 Bc3 39. Bb1 Kd6 40. Bc2 Ke5
41. Bd1 Bd4+ 42. Ke2 Bc5 43. f3 Kd4 44. fxe4 fxe4 45. Bc2 Ne5 46. Bb1 Nd3 0-1

[Event "4NCL/Div1/GUI1 vs. 3CS1"]
[Site "Telford ENG"]
[Date "2004.03.21"]
[Round "6.7"]
[White "Prie, Eric"]
[Black "Walton, Alan J"]
[Result "1-0"]
[WhiteElo "2429"]
[BlackElo "2126"]
[PlyCount "107"]
[EventDate "2004.03.21"]

1. d4 e6 2. e4 d5 3. e5 c5 4. c3 Nc6 5. Nf3 Qb6 6. a3 Nh6 7. b4 cxd4 8. cxd4
Nf5 9. Bb2 Be7 10. Bd3 O-O 11. O-O a5 12. b5 a4 13. Nc3 Ncxd4 14. Nxd4 Nxd4 15.
Nxd5 exd5 16. Bxd4 Bc5 17. Bxh7+ Kxh7 18. Qc2+ Qg6 19. Qxg6+ Kxg6 20. Bxc5 Re8
21. Bd6 Ra5 22. b6 Rb5 23. Rab1 Bd7 24. Rxb5 Bxb5 25. Rd1 Rc8 26. Bc7 Bc4 27.
Rd4 Ra8 28. g4 Ra5 29. f4 Rb5 30. f5+ Kh7 31. e6 fxe6 32. fxe6 Rb1+ 33. Kf2
Rf1+ 34. Ke3 Re1+ 35. Kd2 Rxe6 36. Kc3 Re3+ 37. Kb4 Rb3+ 38. Kxa4 Rb2 39. h4
Kg6 40. h5+ Kf7 41. g5 Rg2 42. Bf4 Rb2 43. Be3 Bb5+ 44. Ka5 Bc6 45. a4 Rc2 46.
Kb4 Ra2 47. Rf4+ Ke6 48. Bd4 Be8 49. h6 gxh6 50. gxh6 Rh2 51. a5 Bc6 52. Rf6+
Kd7 53. Rf7+ Ke8 54. Rh7 1-0

[Event "4NCL/Div1/WGR2 vs. BET"]
[Site "Telford ENG"]
[Date "2004.03.21"]
[Round "6.1"]
[White "Hillarp Persson, Tiger"]
[Black "Pert, Richard G"]
[Result "1-0"]
[WhiteElo "2530"]
[BlackElo "2424"]
[PlyCount "77"]
[EventDate "2004.03.21"]

1. d4 e6 2. c4 f5 3. Nf3 Nf6 4. h3 Bb4+ 5. Bd2 Qe7 6. g4 Bxd2+ 7. Nbxd2 d6 8.
Qc2 e5 9. dxe5 dxe5 10. gxf5 e4 11. Nd4 Nc6 12. Nxc6 bxc6 13. e3 Bxf5 14. O-O-O
O-O 15. f4 c5 16. Qc3 a5 17. Rg1 a4 18. Be2 Bxh3 19. Rg5 Rae8 20. Rdg1 h6 21.
Rxg7+ Qxg7 22. Rxg7+ Kxg7 23. Qa5 Rf7 24. Qxc5 Bg4 25. Bxg4 Nxg4 26. Nf1 Nf2
27. Qh5 Re6 28. Ng3 Rg6 29. Nf5+ Kh7 30. Nxh6 Nd3+ 31. Kd2 Rfg7 32. Nf5+ Kg8
33. Nxg7 Kxg7 34. Kc3 Rd6 35. Qg4+ Kh8 36. Qh4+ Kg7 37. Qg4+ Kh8 38. Qc8+ Kg7
39. Qxc7+ 1-0

[Event "4NCL/Div1/WGR2 vs. BET"]
[Site "Telford ENG"]
[Date "2004.03.21"]
[Round "6.2"]
[White "Ledger, Andrew J"]
[Black "Lalic, Bogdan"]
[Result "1/2-1/2"]
[WhiteElo "2443"]
[BlackElo "2518"]
[PlyCount "28"]
[EventDate "2004.03.21"]

1. Nf3 c5 2. c4 Nc6 3. Nc3 Nd4 4. e3 Nxf3+ 5. Qxf3 g6 6. b3 Bg7 7. Bb2 d6 8. g3
Nh6 9. Bg2 Nf5 10. O-O O-O 11. Qe2 Rb8 12. Rab1 a6 13. a3 b5 14. cxb5 axb5
1/2-1/2

[Event "4NCL/Div1/WGR2 vs. BET"]
[Site "Telford ENG"]
[Date "2004.03.21"]
[Round "6.3"]
[White "Gausel, Einar"]
[Black "Pert, Nicholas"]
[Result "1-0"]
[WhiteElo "2520"]
[BlackElo "2504"]
[PlyCount "80"]
[EventDate "2004.03.21"]

1. Nf3 d5 2. c4 c6 3. Qc2 g6 4. b3 Bg7 5. Bb2 d4 6. e3 c5 7. b4 e5 8. exd4 exd4
9. bxc5 Qe7+ 10. Kd1 Nc6 11. Bd3 Qf6 12. Re1+ Nge7 13. Nc3 O-O 14. Nd5 Nxd5 15.
cxd5 Nb4 16. Qc4 Nxd3 17. Qxd3 Bg4 18. Re4 Bf5 19. Bxd4 Bxe4 20. Qxe4 Qa6 21.
Bxg7 Kxg7 22. Qd4+ f6 23. Ng5 Rad8 24. Kc2 Kg8 25. Ne4 Qc6 26. Nc3 Qc8 27. Re1
b6 28. cxb6 axb6 29. Qxb6 Rf7 30. Qe6 Qc7 31. g3 Kg7 32. Re3 Rd6 33. Qe4 Qb7
34. h4 Rc7 35. Kd1 Qa6 36. f4 Qf1+ 37. Re1 Qa6 38. g4 Qc8 39. g5 Qg4+ 40. Re2
Rcd7 $138 1-0

[Event "4NCL/Div1/WGR2 vs. BET"]
[Site "Telford ENG"]
[Date "2004.03.21"]
[Round "6.5"]
[White "Littlewood, Paul E"]
[Black "Hunt, Adam C"]
[Result "1/2-1/2"]
[WhiteElo "2390"]
[BlackElo "2411"]
[PlyCount "122"]
[EventDate "2004.03.21"]

1. e4 c5 2. Nf3 d6 3. c3 Nf6 4. Be2 Nbd7 5. d3 b6 6. Nbd2 Bb7 7. O-O g6 8. Re1
Bg7 9. Bf1 Ne5 10. Nxe5 dxe5 11. Nc4 Qc7 12. f4 Nd7 13. fxe5 b5 14. Nd2 Bxe5
15. Nf3 Bg7 16. d4 cxd4 17. cxd4 a6 18. Bg5 Nf6 19. d5 Ng4 20. Bh4 Bxb2 21. Rb1
Ba3 22. Qd2 Rc8 23. Bg3 Qc2 24. Qf4 Qc5+ 25. Kh1 Nf2+ 26. Bxf2 Qxf2 27. Qh6 Qb6
28. Ng5 Bc5 29. e5 Bxd5 30. Rbd1 e6 31. Qg7 Rf8 32. Nxh7 Be7 33. Re2 Qc5 34.
Red2 Kd7 35. Nxf8+ Rxf8 36. Qh6 Qc3 37. Be2 Qxe5 38. Bf3 Rh8 39. Rxd5+ exd5 40.
Rxd5+ Qxd5 41. Qxh8 Qxa2 42. Qd4+ Bd6 43. g3 Ke7 44. Qh4+ Kd7 45. Qd4 Qc4 46.
Qd1 Ke6 47. Kg2 b4 48. Be2 Qd5+ 49. Qxd5+ Kxd5 50. Bxa6 Kd4 51. Kf3 b3 52. Ke2
Kc3 53. Bd3 Kb2 54. Bc4 f6 55. Bf7 g5 56. Kf3 Ka3 57. Bxb3 Kxb3 58. Ke4 Kc4 59.
Kf5 Be7 60. h4 gxh4 61. gxh4 Ba3 1/2-1/2